[Event "Elitserien(Rockaden-Wasa)"]
[Site "?"]
[Date "2004.??.??"]
[Round "5"]
[White "Berkell, Peder"]
[Black "Karlsson, Lars"]
[Result "0-1"]
[WhiteElo "2249"]
[BlackElo "2569"]
[PlyCount "74"]
[EventDate "2004.??.??"]
[SourceDate "2004.12.05"]

1. e4 c5 2. d4 cxd4 3. c3 d3 4. Bxd3 Nc6 5. Nf3 g6 6. O-O Bg7 7. c4 d6 8. h3
Nf6 9. Nc3 O-O 10. Be3 Bd7 11. Qd2 Qa5 12. Bh6 Rfc8 13. Bxg7 Kxg7 14. a3 Qh5
15. Nd5 Ne5 16. Nxe5 Qxe5 17. f4 Qd4+ 18. Rf2 Nxd5 19. exd5 b5 20. cxb5 Rc5 21.
Bf1 Qxd5 22. Qxd5 Rxd5 23. Rc1 Bxb5 24. Bxb5 Rxb5 25. Rc7 Kf6 26. Re2 e6 27. g4
h6 28. Kf2 Rab8 29. Rxa7 Rxb2 30. g5+ hxg5 31. fxg5+ Kxg5 32. Rxf7 Rxe2+ 33.
Kxe2 Rb2+ 34. Kd1 Rb3 35. a4 Rxh3 36. a5 Ra3 37. Rd7 Rxa5 0-1

[Event "Elitserien(Rockaden-Wasa)"]
[Site "?"]
[Date "2004.??.??"]
[Round "5"]
[White "Wessman, Richard"]
[Black "Collett, Peter"]
[Result "1-0"]
[WhiteElo "2501"]
[BlackElo "2243"]
[PlyCount "85"]
[EventDate "2004.??.??"]
[SourceDate "2004.12.05"]

1. c4 c5 2. Nc3 Nc6 3. g3 g6 4. Bg2 Bg7 5. Nf3 e5 6. O-O d6 7. a3 a5 8. d3 Nge7
9. Bg5 f6 10. Bd2 Be6 11. Ne1 O-O 12. Nc2 d5 13. cxd5 Nxd5 14. Nxd5 Bxd5 15.
Bxd5+ Qxd5 16. Ne3 Qe6 17. Rc1 b6 18. Nc4 Rfb8 19. a4 Ra7 20. Bc3 h5 21. Qb3
Kh8 22. Nd2 Qxb3 23. Nxb3 Kg8 24. Nd2 Bh6 25. f4 exf4 26. gxf4 f5 27. Rf3 Re7
28. Kf2 Rbe8 29. e3 Re6 30. Nc4 Bg7 31. Nxb6 Nb4 32. Bxb4 Bxb2 33. Rxc5 axb4
34. Rb5 Rb8 35. Nc4 Rxb5 36. axb5 Bc1 37. Ke2 b3 38. Kd1 b2 39. Kc2 Re8 40. Rf1
Kf8 41. b6 Ke7 42. Rg1 Kd8 43. Rxg6 1-0

[Event "Elitserien(Rockaden-Wasa)"]
[Site "?"]
[Date "2004.??.??"]
[Round "5"]
[White "Bjork, Carl-Magnus"]
[Black "Nordstrom, Felix"]
[Result "1/2-1/2"]
[WhiteElo "2476"]
[BlackElo "2183"]
[PlyCount "62"]
[EventDate "2004.??.??"]
[SourceDate "2004.12.05"]

1. d4 d5 2. c4 c6 3. Nf3 Nf6 4. g3 e6 5. Bg2 Be7 6. O-O Nbd7 7. Qc2 O-O 8. Bf4
b6 9. Nbd2 Bb7 10. e4 Rc8 11. e5 Ne8 12. cxd5 cxd5 13. Qd3 Nc7 14. Rfc1 Ba6 15.
Qe3 Nb8 16. h4 Qd7 17. Bg5 Na8 18. Bxe7 Qxe7 19. Ng5 h6 20. Nh3 Qb4 21. b3 Qa3
22. Nf3 Nc6 23. Qd2 Nb4 24. Nf4 Rxc1+ 25. Qxc1 Qxc1+ 26. Rxc1 Rc8 27. Rxc8+
Bxc8 28. a4 Nc7 29. Bf1 Kf8 30. Nd3 Nxd3 31. Bxd3 Na6 1/2-1/2

[Event "Elitserien(SodraSASS-Farsta)"]
[Site "?"]
[Date "2004.??.??"]
[Round "5"]
[White "Lindberg, Bengt"]
[Black "Akesson, Ralf"]
[Result "1/2-1/2"]
[WhiteElo "2492"]
[BlackElo "2564"]
[PlyCount "84"]
[EventDate "2004.??.??"]
[SourceDate "2004.12.05"]

1. e4 c6 2. d4 d5 3. Nc3 dxe4 4. Nxe4 Nd7 5. Ng5 Ngf6 6. Bd3 e6 7. N1f3 Bd6 8.
Qe2 h6 9. Ne4 Nxe4 10. Qxe4 Qc7 11. O-O b6 12. Qg4 Kf8 13. b3 c5 14. dxc5 Nxc5
15. Bb2 e5 16. Bf5 h5 17. Qh3 Ne6 18. Bxe6 Bxe6 19. Qg3 f6 20. Nh4 Rh6 21. Bc1
Rh7 22. Qg6 Kg8 23. Be3 Rd8 24. Rad1 Qf7 25. Qe4 Qd7 26. c4 f5 27. Qb1 e4 28.
Bg5 Rc8 29. Bf4 Rc6 30. Qc1 Qe7 31. Bxd6 Qxh4 32. Bf4 Qf6 33. Bg5 Qe5 34. Qa3
Rc7 35. h4 Rh8 36. g3 Qc5 37. b4 Qc6 38. Bf4 Rd7 39. Rxd7 Qxd7 40. c5 bxc5 41.
bxc5 Kh7 42. Bd6 Qb7 1/2-1/2

[Event "Elitserien(SodraSASS-Farsta)"]
[Site "?"]
[Date "2004.??.??"]
[Round "5"]
[White "Ornstein, Axel"]
[Black "Ong, Kezli"]
[Result "1-0"]
[WhiteElo "2442"]
[BlackElo "2430"]
[PlyCount "59"]
[EventDate "2004.??.??"]
[SourceDate "2004.12.05"]

1. e4 e5 2. Nf3 Nc6 3. Bb5 a6 4. Ba4 Nf6 5. O-O Be7 6. Re1 b5 7. Bb3 d6 8. c3
O-O 9. h3 Na5 10. Bc2 c5 11. d4 Qc7 12. Nbd2 cxd4 13. cxd4 Bb7 14. Nf1 Rac8 15.
Bb1 d5 16. exd5 exd4 17. Bg5 h6 18. Bxh6 gxh6 19. Qd2 Rfd8 20. Qxh6 Rxd5 21.
Ng3 d3 22. Bxd3 Bf8 23. Qxf6 Bg7 24. Qh4 Rxd3 25. Nf5 Bxf3 26. Ne7+ Qxe7 27.
Rxe7 Bd5 28. Rae1 Be6 29. R1xe6 fxe6 30. Qg4 1-0

[Event "Elitserien(SodraSASS-Farsta)"]
[Site "?"]
[Date "2004.??.??"]
[Round "5"]
[White "Sjoberg, Mats"]
[Black "Hjelm, Niclas"]
[Result "1/2-1/2"]
[WhiteElo "2389"]
[BlackElo "2396"]
[PlyCount "132"]
[EventDate "2004.??.??"]
[SourceDate "2004.12.05"]

1. Nf3 Nf6 2. b3 g6 3. Bb2 Bg7 4. g3 O-O 5. Bg2 c5 6. c4 Nc6 7. O-O d5 8. cxd5
Nxd5 9. Bxg7 Kxg7 10. Qc1 b6 11. Qb2+ Kg8 12. d4 cxd4 13. Nxd4 Nxd4 14. Qxd4
Bb7 15. Rd1 Qc7 16. Bxd5 Bxd5 17. Nc3 Be6 18. Nb5 Qb7 19. Rd2 Rac8 20. Qf4 Rc5
21. Nd4 Bh3 22. Nf3 g5 23. Qe3 h6 24. Rad1 Rfc8 25. Ne1 Bf5 26. f3 Qc7 27. Qd4
Rc3 28. e4 Be6 29. Qb4 a5 30. Rd8+ Rxd8 31. Rxd8+ Qxd8 32. Qxc3 Qd1 33. Kf2 Qb1
34. Qc2 Qa1 35. Ng2 Qd4+ 36. Ne3 b5 37. Ke2 a4 38. bxa4 bxa4 39. a3 Qa1 40. h4
Qxa3 41. hxg5 hxg5 42. f4 gxf4 43. gxf4 Qa2 44. Kf3 Qxc2 45. Nxc2 Bb3 46. Na3
Kg7 47. f5 Kf6 48. Kf4 e5+ 49. fxe6 Kxe6 50. Ke3 Ke5 51. Nb1 Kd6 52. Kd4 Kc6
53. Na3 Kb6 54. Nb1 Kb5 55. Kc3 Kc5 56. Na3 f6 57. Nb1 Bf7 58. Nd2 Bg6 59. Kd3
Kb4 60. Nb1 Kc5 61. Nd2 a3 62. Kc3 Bf7 63. Nf3 a2 64. Kb2 Kd6 65. e5+ fxe5 66.
Nxe5 Kxe5 1/2-1/2

[Event "Elitserien(SodraSASS-Farsta)"]
[Site "?"]
[Date "2004.??.??"]
[Round "5"]
[White "Welin, Thomas"]
[Black "Jaderberg, Bjorn"]
[Result "1/2-1/2"]
[WhiteElo "2382"]
[BlackElo "2275"]
[PlyCount "60"]
[EventDate "2004.??.??"]
[SourceDate "2004.12.05"]

1. c4 Nf6 2. Nc3 c5 3. g3 g6 4. Bg2 Bg7 5. e4 Nc6 6. Nge2 O-O 7. d3 d6 8. h3
Bd7 9. O-O a6 10. Be3 Rb8 11. a4 Na5 12. e5 dxe5 13. Bxc5 b6 14. Ba3 Bc6 15. b4
Bxg2 16. Kxg2 Nb7 17. b5 axb5 18. axb5 Nd6 19. Na2 e4 20. Nb4 Ra8 21. Nc6 Qc7
22. Bxd6 Qxd6 23. d4 Nd7 24. Rxa8 Rxa8 25. Qc2 f5 26. Rd1 Qa3 27. Qc3 Kf7 28.
Qxa3 Rxa3 29. Rb1 e5 30. dxe5 Nxe5 1/2-1/2

[Event "Elitserien(SodraSASS-Farsta)"]
[Site "?"]
[Date "2004.??.??"]
[Round "5"]
[White "Lindeman, Sven"]
[Black "Holmqvist, Gunnar"]
[Result "0-1"]
[WhiteElo "2243"]
[BlackElo "2270"]
[PlyCount "64"]
[EventDate "2004.12.05"]
[SourceDate "2004.12.05"]

1. e4 e5 2. Nf3 Nc6 3. Bb5 a6 4. Ba4 b5 5. Bb3 Nf6 6. O-O Be7 7. d4 d6 8. c3
Bb7 9. Re1 O-O 10. Nbd2 Nd7 11. d5 Na5 12. Bc2 c6 13. b4 Nc4 14. Nxc4 bxc4 15.
dxc6 Bxc6 16. Qe2 Nb6 17. a4 a5 18. b5 Bd7 19. Rd1 Qc7 20. Be3 Rac8 21. Nxe5
Bxb5 22. Nxf7 Bd7 23. Ne5 dxe5 24. Bxb6 Qxb6 25. Rxd7 Rxf2 26. Qxf2 Bc5 27. Rd4
exd4 28. Qf5 d3+ 29. Kh1 Rd8 30. Bd1 Qb2 31. Qg5 Rf8 32. Qd5+ Kh8 0-1

[Event "Elitserien(SodraSASS-Farsta)"]
[Site "?"]
[Date "2004.??.??"]
[Round "5"]
[White "Adler, Bo"]
[Black "Brontz, Alexander"]
[Result "1-0"]
[WhiteElo "2115"]
[BlackElo "2188"]
[PlyCount "151"]
[EventDate "2004.??.??"]
[SourceDate "2004.12.05"]

1. e4 e6 2. d4 d5 3. Nc3 Nf6 4. Bg5 dxe4 5. Nxe4 Be7 6. Nc3 O-O 7. Nf3 Nbd7 8.
Bc4 a6 9. a4 c5 10. dxc5 Qa5 11. O-O Qxc5 12. Qe2 b6 13. Ne4 Qc7 14. Rad1 Bb7
15. Nxf6+ Nxf6 16. Ne5 Nd5 17. Bxe7 Qxe7 18. Bxd5 exd5 19. Qe3 Qc7 20. Qd4 Rae8
21. Rfe1 b5 22. axb5 axb5 23. c3 Re6 24. Re3 Ra8 25. Rde1 Ra4 26. b4 Ra3 27.
Nf3 Re4 28. Ng5 Rxe3 29. Qxe3 g6 30. Qd4 Bc6 31. g3 h6 32. Nf3 Bd7 33. Re3 Qd6
34. h4 Be6 35. Qf6 Ra8 36. Kh2 Qd8 37. Qxd8+ Rxd8 38. Nd4 Bd7 39. Re5 Be8 40.
Kg2 Kg7 41. Kf1 Kf6 42. f4 Rc8 43. Ke2 Rd8 44. Kd3 Bd7 45. Nb3 Be6 46. Nd4 Rb8
47. Kd2 Rb6 48. Nc2 Ke7 49. Re1 Kd6 50. Ra1 Bd7 51. Ra7 h5 52. Nd4 Rb8 53. Nf3
f6 54. Ra6+ Ke7 55. Nd4 Rb7 56. Nb3 Rc7 57. Nc5 Bc6 58. Nb3 Kd6 59. Nd4 Kd7 60.
Rb6 Rc8 61. Nxc6 Rxc6 62. Rxb5 Ke6 63. Rc5 Ra6 64. Ra5 Rc6 65. Kd3 Rc8 66. Kd4
Rc4+ 67. Kd3 Rc6 68. b5 Rc5 69. Ra6+ Kf5 70. b6 Rb5 71. Kd4 Kg4 72. b7 Rxb7 73.
Rxf6 Kxg3 74. Rxg6+ Kxf4 75. Rg5 Rb5 76. Rxh5 1-0

[Event "Elitserien(Eksjo-Limhamn)"]
[Site "?"]
[Date "2005.??.??"]
[Round "6"]
[White "Ahlander, Bjorn"]
[Black "Thornert, Hakan"]
[Result "1-0"]
[WhiteElo "2492"]
[BlackElo "2280"]
[PlyCount "157"]

1. d4 Nf6 2. c4 e6 3. Nc3 Bb4 4. e3 O-O 5. Bd3 d5 6. Nf3 c5 7. O-O dxc4 8. Bxc4
Nc6 9. a3 Bxc3 10. bxc3 Qc7 11. Bb2 e5 12. h3 e4 13. Nd2 Bf5 14. f4 exf3 15.
Rxf3 Bg6 16. Ba2 Rad8 17. Qf1 Rfe8 18. Qf2 Na5 19. Re1 Rd7 20. c4 Rde7 21. Rxf6
gxf6 22. d5 Qd6 23. e4 Re5 24. Bb1 b6 25. Rf1 Kg7 26. Bd3 Nb7 27. Nf3 Qe7 28.
Nh2 h5 29. Nf3 Nd6 30. Nxe5 fxe5 31. Qg3 f6 32. Qh4 Rh8 33. Rf3 Nf7 34. Rg3 Nd6
35. Bc1 Rh7 36. Be2 Kf7 37. Bd3 Ne8 38. Rf3 Kg7 39. Kh1 Qd7 40. Bc2 Qe7 41. Kg1
Nd6 42. Bd3 Qd8 43. Kh2 Qe7 44. Rf1 Rh8 45. Bd2 Qd8 46. Qg3 Qe8 47. Qf3 Qd8 48.
Be1 Nf7 49. Bh4 Ng5 50. Qg3 Re8 51. Bc2 Qe7 52. Qe3 Rg8 53. Rf2 Kh7 54. Rf1 Rg7
55. Qd2 Rf7 56. d6 Qd7 57. Bxg5 fxg5 58. Rxf7+ Bxf7 59. Ba4 Qd8 60. d7 Bxc4 61.
Bc6 g4 62. Qc3 Be6 63. Qxe5 Bxd7 64. Qd6 g3+ 65. Kg1 Qg5 66. Qxd7+ Kh8 67. Qd1
c4 68. Ba4 b5 69. Bc2 a5 70. Qd4+ Kg8 71. Qd5+ Qxd5 72. exd5 b4 73. axb4 axb4
74. Kf1 b3 75. Bd1 Kg7 76. Ke2 Kf6 77. Kd2 Ke5 78. Kc3 Kxd5 79. Bxh5 1-0

[Event "Elitserien(Eksjo-Limhamn)"]
[Site "?"]
[Date "2005.??.??"]
[Round "6"]
[White "Jepson, Christian"]
[Black "Krantz, Christopher"]
[Result "1-0"]
[WhiteElo "2491"]
[BlackElo "2112"]
[PlyCount "81"]

1. Nf3 Nf6 2. c4 e6 3. Nc3 d5 4. d4 Be7 5. Bg5 O-O 6. e3 c6 7. Rc1 Nbd7 8. a3
Re8 9. h3 dxc4 10. Bxc4 Nd5 11. Bxe7 Qxe7 12. O-O Nxc3 13. Rxc3 e5 14. Qc2 e4
15. Nd2 Nf6 16. Bb3 Bf5 17. f4 h5 18. Rc5 Qd7 19. Rc1 h4 20. Nf1 Be6 21. Bxe6
Qxe6 22. Qf2 Nd5 23. Qxh4 g6 24. Qg5 Kg7 25. Qe5+ f6 26. Qxe6 Rxe6 27. Kf2 f5
28. Ng3 Kf6 29. Ne2 Rd6 30. Nc3 Rad8 31. Nxd5+ Rxd5 32. Rxd5 Rxd5 33. Rc5 Rd8
34. g4 Rh8 35. Kg3 Rd8 36. Ra5 a6 37. Rc5 Rd6 38. Re5 Rd8 39. h4 Rg8 40. h5
fxg4 41. Rg5 1-0

[Event "Elitserien(Eksjo-Limhamn)"]
[Site "?"]
[Date "2005.??.??"]
[Round "6"]
[White "Holst, Conny"]
[Black "Nordstrom, P-O."]
[Result "1-0"]
[WhiteElo "2246"]
[BlackElo "1928"]
[PlyCount "61"]

1. d4 Nf6 2. c4 c5 3. d5 b5 4. a4 bxc4 5. Nc3 g6 6. e4 d6 7. f4 Bg4 8. Nf3 Nbd7
9. Bxc4 Bg7 10. O-O O-O 11. a5 Rb8 12. Qe2 e6 13. dxe6 Bxe6 14. Bxe6 fxe6 15.
e5 Nd5 16. Ng5 Nxc3 17. bxc3 Re8 18. Qc4 d5 19. Qa6 Qe7 20. Qxa7 h6 21. Nh3 Rb3
22. Ra3 Reb8 23. Rxb3 Rxb3 24. a6 Bf8 25. Nf2 Nb6 26. Qb8 Qd7 27. a7 Qa4 28. f5
c4 29. Bxh6 Qa3 30. fxg6 Nd7 31. Qe8 1-0

[Event "Elitserien(Eksjo-Limhamn)"]
[Site "?"]
[Date "2005.??.??"]
[Round "6"]
[White "Karlsson, Glenn"]
[Black "Tadjerbashi, Amir"]
[Result "1/2-1/2"]
[WhiteElo "1867"]
[BlackElo "2252"]
[PlyCount "81"]

1. e4 e5 2. Nf3 Nc6 3. d4 exd4 4. c3 dxc3 5. Bc4 cxb2 6. Bxb2 d5 7. Bxd5 Bb4+
8. Nc3 Nge7 9. O-O O-O 10. Qb3 Ba5 11. Rad1 Qe8 12. h3 h6 13. Bc4 Kh8 14. Ba3
a6 15. Nd5 b5 16. Nxe7 Nxe7 17. Bd5 c6 18. Bxe7 Qxe7 19. Bxc6 Ra7 20. Bd5 Rc7
21. Rc1 Bb6 22. Rxc7 Bxc7 23. Rc1 f5 24. Qc3 Bf4 25. Re1 fxe4 26. Rxe4 Qd6 27.
Qc6 Bd7 28. Qxd6 Bxd6 29. Nh4 Re8 30. Rxe8+ Bxe8 31. Nf3 a5 32. Nd4 a4 33. Kf1
Bc5 34. Ne6 Bb6 35. Ke2 b4 36. Kd3 Bb5+ 37. Bc4 Bc6 38. f3 Be8 39. Bd5 Bb5+ 40.
Bc4 Be8 41. Bd5 1/2-1/2

[Event "Elitserien(Kamraterna-Astorp)"]
[Site "?"]
[Date "2005.??.??"]
[Round "6"]
[White "Sjodahl, Pontus"]
[Black "Svensson, Bengt"]
[Result "1-0"]
[WhiteElo "2453"]
[BlackElo "2459"]
[PlyCount "87"]

1. d4 Nf6 2. c4 g6 3. f3 d5 4. cxd5 Nxd5 5. e4 Nb6 6. Nc3 Bg7 7. Be3 O-O 8. Qd2
e5 9. O-O-O exd4 10. Bxd4 Bxd4 11. Qxd4 Qxd4 12. Rxd4 Nc6 13. Rd1 Be6 14. Nge2
Rfd8 15. Rxd8+ Rxd8 16. Nf4 Nd4 17. h4 c6 18. Bd3 Bc4 19. Rd1 Kf8 20. b3 Bxd3
21. Rxd3 Ke7 22. Kd2 f6 23. Nfe2 Nxe2 24. Nxe2 Rxd3+ 25. Kxd3 Kd6 26. f4 Nd7
27. g4 h6 28. Ng3 Ke6 29. h5 g5 30. Ke3 gxf4+ 31. Kxf4 Ne5 32. Nf5 Nf7 33. Nd4+
Ke7 34. Kf5 Nd6+ 35. Kg6 c5 36. Nf5+ Nxf5 37. exf5 b5 38. g5 c4 39. bxc4 bxc4
40. gxh6 c3 41. h7 c2 42. h8=Q c1=Q 43. Qxf6+ Kd7 44. Qf7+ 1-0

[Event "Elitserien(Kamraterna-Astorp)"]
[Site "?"]
[Date "2005.??.??"]
[Round "6"]
[White "Ivarsson, Stefan"]
[Black "Svenn, Gosta"]
[Result "0-1"]
[WhiteElo "2293"]
[BlackElo "2406"]
[PlyCount "74"]

1. g3 e5 2. Bg2 d6 3. c4 f5 4. Nc3 Nf6 5. d3 Be7 6. e4 Nc6 7. Nge2 O-O 8. O-O
Qe8 9. Nd5 Bd8 10. h3 Qg6 11. Kh2 fxe4 12. Nxf6+ Bxf6 13. dxe4 Nd4 14. Nxd4
exd4 15. f4 Bd7 16. Qd3 a5 17. Bd2 c5 18. a4 Bc6 19. b3 Bd8 20. Rae1 Bc7 21.
Re2 Rae8 22. Kh1 d5 23. cxd5 Bxd5 24. Kh2 Kh8 25. f5 Qa6 26. Qxa6 bxa6 27. Rb1
Bg8 28. Bf4 Bxf4 29. gxf4 Rxf5 30. Rc2 Rxf4 31. Kg3 Rf6 32. Rxc5 d3 33. Rxa5 d2
34. Bf3 Bxb3 35. Rd5 Bxd5 36. exd5 g6 37. Rd1 Re3 0-1

[Event "Elitserien(Kamraterna-Astorp)"]
[Site "?"]
[Date "2005.??.??"]
[Round "6"]
[White "Wallin, Dennis"]
[Black "Tallinger, Thomas"]
[Result "1-0"]
[WhiteElo "2285"]
[BlackElo "2204"]
[PlyCount "93"]

1. Nf3 e6 2. c4 Nf6 3. Nc3 b6 4. g3 Bb7 5. Bg2 Be7 6. O-O O-O 7. d4 d6 8. Re1
Nbd7 9. e4 e5 10. d5 a5 11. Rb1 Ba6 12. Bf1 Kh8 13. a3 Ng8 14. b4 axb4 15. axb4
g6 16. Nd2 f5 17. exf5 gxf5 18. Nb3 f4 19. Ne4 fxg3 20. hxg3 Ndf6 21. Ng5 Bc8
22. Ne6 Bxe6 23. dxe6 Qc8 24. Bh3 Ne8 25. c5 Ng7 26. Qc2 bxc5 27. bxc5 Qe8 28.
Bg2 Rc8 29. f4 exf4 30. Bxf4 Nh5 31. Bd2 Qg6 32. Qxg6 hxg6 33. g4 Nf4 34. Bb7
Rce8 35. Re4 Nh3+ 36. Kg2 Ng5 37. Re3 Kg7 38. Na5 Bf6 39. cxd6 cxd6 40. Bd5 Ne7
41. Rb7 Kh8 42. Bb3 d5 43. Bb4 Bd4 44. Re2 Rf4 45. Rxe7 Rxg4+ 46. Kh2 Rf8 47.
Rh7+ 1-0

[Event "Elitserien(Kamraterna-Astorp)"]
[Site "?"]
[Date "2005.??.??"]
[Round "6"]
[White "Petersson, Gosta"]
[Black "Svenn, Matti"]
[Result "0-1"]
[WhiteElo "2139"]
[BlackElo "2295"]
[PlyCount "104"]

1. c4 e5 2. Nc3 Nc6 3. g3 g6 4. Bg2 Bg7 5. d3 Nge7 6. e3 O-O 7. Nge2 f5 8. Rb1
a5 9. a3 g5 10. f4 gxf4 11. exf4 d6 12. O-O Ng6 13. Nd5 Nd4 14. fxe5 Nxe2+ 15.
Qxe2 dxe5 16. Be3 Be6 17. Rbd1 f4 18. Bc5 Re8 19. Kh1 Rb8 20. a4 b6 21. Bf2 c6
22. Nc3 Qd7 23. Qe4 Rec8 24. Qe2 Rf8 25. Ne4 Kh8 26. Bg1 Bg4 27. Bf3 Bxf3+ 28.
Rxf3 c5 29. b3 fxg3 30. hxg3 Qh3+ 31. Bh2 Rxf3 32. Qxf3 Rf8 33. Ng5 Rxf3 34.
Nxh3 Re3 35. Rd2 Re1+ 36. Kg2 Rb1 37. Nf2 Rxb3 38. Ne4 Ra3 39. Nd6 Rxa4 40. Nc8
Rb4 41. Bg1 Bh6 42. Rd1 Kg7 43. Kf3 Kf6 44. Nd6 Ke6 45. Nb5 Ne7 46. Bf2 Bg5 47.
Be1 Rb3 48. Bc3 Nc6 49. Re1 Rxc3 50. Nxc3 Bd2 51. Rh1 Bxc3 52. Rxh7 a4 0-1

[Event "Elitserien(Kamraterna-Astorp)"]
[Site "?"]
[Date "2005.??.??"]
[Round "6"]
[White "Wengholm, Anders"]
[Black "Josefsson, Kenneth"]
[Result "1-0"]
[WhiteElo "2240"]
[BlackElo "2018"]
[PlyCount "87"]

1. Nf3 d5 2. d4 Nf6 3. c4 c6 4. Nc3 e6 5. Bg5 dxc4 6. e4 b5 7. a4 b4 8. Na2 h6
9. Bxf6 Qxf6 10. Bxc4 Qg6 11. O-O Qxe4 12. Re1 Qf4 13. Qb3 Bd6 14. d5 O-O 15.
dxe6 Bxe6 16. Bxe6 fxe6 17. Qxe6+ Kh7 18. Rad1 Bc5 19. Nc1 Na6 20. Nd3 Qf7 21.
Qxc6 Qc4 22. Qb5 Qxb5 23. axb5 Nc7 24. Nxc5 Nxb5 25. Na6 Nc3 26. bxc3 bxc3 27.
Rc1 Rac8 28. Nb4 Rfd8 29. Na2 c2 30. Nb4 a5 31. Nxc2 a4 32. h4 Rc4 33. Na3 Rxc1
34. Rxc1 Rd3 35. Ra1 Rb3 36. Nd4 Rb4 37. Nac2 Rc4 38. Kf1 g5 39. hxg5 hxg5 40.
Ke2 Kg6 41. Kd3 Rc8 42. Rxa4 Rf8 43. Nf3 Rf6 44. Rg4 1-0

[Event "Elitserien(Kamraterna-Astorp)"]
[Site "?"]
[Date "2005.??.??"]
[Round "6"]
[White "Dalso, Harry"]
[Black "Madebrink, Lars"]
[Result "0-1"]
[WhiteElo "2020"]
[BlackElo "2228"]
[PlyCount "94"]

1. d4 Nf6 2. Nc3 d5 3. Bg5 Bf5 4. Nf3 Nbd7 5. e3 e6 6. Bd3 Bxd3 7. Qxd3 Be7 8.
O-O O-O 9. Ne5 Nxe5 10. dxe5 Nd7 11. Bxe7 Qxe7 12. f4 Rad8 13. Rf3 f6 14. exf6
Nxf6 15. Re1 e5 16. fxe5 Qxe5 17. Qd4 Rfe8 18. Qxa7 d4 19. Nd1 Ng4 20. Rg3 Qh5
21. Rh3 Qf5 22. Qa4 dxe3 23. Rf3 Qh5 24. Rh3 Qc5 25. Qb3+ Kh8 26. Nxe3 Re4 27.
Kf1 Rde8 28. Qd3 h6 29. Qd7 Nxe3+ 30. Rhxe3 Rxe3 31. Qxe8+ Rxe8 32. Rxe8+ Kh7
33. Re2 Qd4 34. b3 Qf4+ 35. Ke1 Qxh2 36. a4 Qg1+ 37. Kd2 Qd4+ 38. Ke1 h5 39.
Kf1 Kh6 40. Ke1 g6 41. Kf1 h4 42. Ke1 g5 43. Kf1 Kh5 44. Ke1 Qc3+ 45. Kd1 g4
46. Rd2 Qxd2+ 47. Kxd2 h3 0-1

[Event "Elitserien(Kamraterna-Astorp)"]
[Site "?"]
[Date "2005.??.??"]
[Round "6"]
[White "Borvander, Tom"]
[Black "Sandklef, Ake"]
[Result "1-0"]
[WhiteElo "2245"]
[BlackElo "1889"]
[PlyCount "69"]

1. d4 d5 2. c4 c6 3. Nf3 Nf6 4. Nc3 dxc4 5. a4 Bf5 6. Ne5 Nbd7 7. Nxc4 Qc7 8.
g3 e5 9. dxe5 Nxe5 10. Bf4 Nfd7 11. Bg2 f6 12. O-O Be6 13. Nxe5 Nxe5 14. a5 Be7
15. a6 b6 16. Qa4 Rc8 17. Rac1 O-O 18. Nd5 cxd5 19. Rxc7 Rxc7 20. Rd1 Rc4 21.
Qa2 d4 22. Bf1 Bf7 23. Qa1 Rd8 24. Rc1 Rdc8 25. Rxc4 Rxc4 26. b3 Rb4 27. Bd2
Rxb3 28. Qxd4 Be6 29. Qe4 Kf7 30. f4 Bc5+ 31. e3 Bf5 32. Qxf5 Nf3+ 33. Kf2 Rb2
34. Qd5+ Kf8 35. Kxf3 1-0

[Event "Elitserien(LASK-Skara)"]
[Site "?"]
[Date "2005.??.??"]
[Round "6"]
[White "Hillarp-Persson, Tiger"]
[Black "Niklasson, Christer"]
[Result "1/2-1/2"]
[WhiteElo "2574"]
[BlackElo "2423"]
[PlyCount "61"]

1. d4 f5 2. Nc3 Nf6 3. Bg5 d5 4. Bxf6 exf6 5. e3 Be6 6. a3 Nc6 7. Bb5 Qd7 8.
Nge2 Bd6 9. O-O a6 10. Bd3 O-O 11. Na4 Rad8 12. b4 b5 13. Nc5 Bxc5 14. dxc5 d4
15. exd4 Nxd4 16. Nxd4 Qxd4 17. Qf3 Qg4 18. Qxg4 fxg4 19. Rfe1 Rfe8 20. Re4 g6
21. Rae1 Kf7 22. g3 Bd5 23. Rxe8 Rxe8 24. Rxe8 Kxe8 25. Kf1 Ke7 26. Ke2 Ke6 27.
Ke3 Ke5 28. c3 f5 29. Bc2 Bc6 30. Bb3 Bd5 31. Bc2 1/2-1/2

[Event "Elitserien(LASK-Skara)"]
[Site "?"]
[Date "2005.??.??"]
[Round "6"]
[White "Tikkanen, Hans"]
[Black "Djurhuus, Rune"]
[Result "0-1"]
[WhiteElo "2417"]
[BlackElo "2588"]
[PlyCount "86"]

1. d4 Nf6 2. c4 g6 3. Nc3 Bg7 4. e4 d6 5. h3 O-O 6. Be3 c5 7. dxc5 Qa5 8. Qd2
dxc5 9. e5 Rd8 10. Qc2 Ne8 11. f4 Nc6 12. Kf2 f6 13. exf6 Nxf6 14. Nge2 Nb4 15.
Qa4 Qxa4 16. Nxa4 Ne4+ 17. Kf3 b6 18. Nec3 Nxc3 19. Nxc3 Bb7+ 20. Kf2 Bxc3 21.
bxc3 Nc2 22. Rc1 Nxe3 23. Kxe3 Rd6 24. Rg1 Rad8 25. Rc2 Rd1 26. Kf2 R8d2+ 27.
Rxd2 Rxd2+ 28. Ke3 Rd1 29. g4 Ba6 30. Kf2 Rc1 31. Rg3 Rc2+ 32. Ke1 Rxa2 33. Re3
Kf7 34. Be2 Ra4 35. Re4 Bb7 36. Re5 a5 37. f5 Ra1+ 38. Kd2 a4 39. Re6 a3 40.
Kc2 gxf5 41. gxf5 Bc8 42. Bh5+ Kf8 43. Re5 Rf1 0-1

[Event "Elitserien(LASK-Skara)"]
[Site "?"]
[Date "2005.??.??"]
[Round "6"]
[White "Nilsson, Sebastian"]
[Black "Pedersen, Steffen"]
[Result "0-1"]
[WhiteElo "2306"]
[BlackElo "2471"]
[PlyCount "94"]

1. e4 c6 2. d4 d5 3. Nc3 dxe4 4. Nxe4 Bf5 5. Ng3 Bg6 6. h4 h6 7. Nf3 Nd7 8. h5
Bh7 9. Bd3 Bxd3 10. Qxd3 e6 11. Bf4 Qa5+ 12. Bd2 Bb4 13. Qb3 Bxd2+ 14. Nxd2 Ne7
15. O-O-O O-O 16. Qxb7 Rab8 17. Qxd7 Qxa2 18. Nb3 Nd5 19. Qd6 Nb4 20. Qc5 Rb5
21. Qc4 Rfb8 22. Ne4 Nxc2 23. Qxc2 Rxb3 24. Qb1 Rxb2 25. Qxa2 Rxa2 26. Rh3 f5
27. Nc5 Rxf2 28. Nxe6 Rbb2 29. Rc3 Ra2 30. Rb3 Kf7 31. Nd8+ Ke8 32. Nb7 Ra1+
33. Rb1 Rxb1+ 34. Kxb1 Kd7 35. Rg1 Ke6 36. g4 f4 37. g5 f3 38. gxh6 gxh6 39.
Rg6+ Ke7 40. Rxc6 Rg2 41. d5 f2 42. d6+ Kf7 43. Rc1 Rg1 44. d7 Rxc1+ 45. Kxc1
f1=Q+ 46. Kd2 Qf4+ 47. Ke1 Qe4+ 0-1

[Event "Elitserien(LASK-Skara)"]
[Site "?"]
[Date "2005.??.??"]
[Round "6"]
[White "Ziegler, Ari"]
[Black "Semcesen, Daniel"]
[Result "1/2-1/2"]
[WhiteElo "2416"]
[BlackElo "2316"]
[PlyCount "119"]

1. d4 Nf6 2. Nf3 d5 3. e3 Bf5 4. c4 c6 5. Nc3 e6 6. Nh4 Bg6 7. Qb3 Qb6 8. Bd2
Be7 9. Nxg6 hxg6 10. Bd3 Nbd7 11. Qxb6 axb6 12. Ke2 Bd6 13. f4 dxc4 14. Bxc4 b5
15. Bd3 b4 16. Ne4 Nxe4 17. Bxe4 Nb6 18. Kd3 Kd7 19. Bf3 Ra7 20. Bd1 Rha8 21.
Bb3 Na4 22. Rab1 b5 23. Ke2 Nb6 24. Rhc1 Rb8 25. Rc2 Nc4 26. Bxc4 bxc4 27. Rxc4
Rxa2 28. Kd3 Rb5 29. Kc2 g5 30. Kb3 Ra6 31. g4 gxf4 32. exf4 Rd5 33. Be3 Be7
34. Re1 g6 35. Rh1 c5 36. Re1 cxd4 37. Rxd4 Rxd4 38. Bxd4 Rd6 39. Kc4 Rc6+ 40.
Kb3 Rd6 41. Kc4 Rc6+ 42. Kd3 g5 43. f5 exf5 44. gxf5 Rh6 45. Be5 Bd6 46. Bg3
Be7 47. Ke4 Rc6 48. Rd1+ Kc8 49. Be5 f6 50. Bd4 Rc2 51. h3 Kc7 52. Kd5 Kd7 53.
Ra1 Ke8 54. Ra8+ Kf7 55. Ra7 Kf8 56. Rb7 Rh2 57. Rc7 Rd2 58. Rb7 Rd3 59. Ra7
Rd2 60. Rb7 1/2-1/2

[Event "Elitserien(LASK-Skara)"]
[Site "?"]
[Date "2005.??.??"]
[Round "6"]
[White "Svensson, Sven"]
[Black "Riis, Jens"]
[Result "1-0"]
[WhiteElo "2255"]
[BlackElo "2235"]
[PlyCount "41"]

1. d4 Nf6 2. c4 c6 3. Nf3 d5 4. e3 g6 5. Bd3 Bg7 6. Nc3 O-O 7. O-O Nbd7 8. Qe2
c5 9. cxd5 cxd4 10. Nxd4 Nb6 11. Rd1 Nfxd5 12. Nxd5 Nxd5 13. Bc4 e6 14. e4 Qb6
15. Nb3 Nf6 16. Be3 Qc7 17. Rac1 Qe5 18. Bc5 Qxe4 19. Bxf8 Qxe2 20. Bxe2 Kxf8
21. Rd8+ 1-0

[Event "Elitserien(Farsta-Rockaden)"]
[Site "?"]
[Date "2005.??.??"]
[Round "6"]
[White "Ong, Kezli"]
[Black "Barkhagen, Jonas"]
[Result "0-1"]
[WhiteElo "2478"]
[BlackElo "2538"]
[PlyCount "62"]

1. e4 e6 2. d4 d5 3. Nc3 dxe4 4. Nxe4 Bd7 5. Nf3 Bc6 6. Bd3 Nd7 7. O-O Ngf6 8.
Ng3 Be7 9. Qe2 Bxf3 10. Qxf3 c6 11. b3 Qa5 12. Bb2 Ba3 13. Bxa3 Qxa3 14. Rfe1
O-O 15. Rad1 Rfd8 16. h3 Nf8 17. Re5 Qxa2 18. Rg5 h6 19. Re5 Qa3 20. Ne4 Nxe4
21. Rxe4 Rd7 22. Rg4 f5 23. Rg3 Rxd4 24. Qe3 Qd6 25. c3 Rd5 26. Rf3 Rd8 27. g4
Kh8 28. gxf5 exf5 29. Qxa7 Ne6 30. Qxb7 Ng5 31. Re3 f4 0-1